| 000 | 00726nja a2200205 a 4500 | ||
|---|---|---|---|
| 003 | BLK | ||
| 005 | 20180422123850.0 | ||
| 008 | 180414c bul|r|ner|||| 00| c0bul d | ||
| 010 | _aNOT00001865009 | ||
| 040 | _aBLK | ||
| 100 | 1 |
_aМанолов, Емануил _eпърви автор _9380434 |
|
| 700 | 1 |
_aВазов, Иван Минчов _eтекст _9363396 |
|
| 245 | 1 | 0 |
_aХубава си, татковино _cЕмануил Манолов; текст Иван Минчов Вазов. |
| 257 | _aBGR | ||
| 380 | _a7 | ||
| 773 |
_0306364 _9658223 _aМанолов, Емануил _tВечните песни на България |
||
| 852 | _aЦб М ІІ 9601 | ||
| 942 |
_cNOT _n0 |
||
| 944 |
_aCR _c18.04.2005 _kИрена_Линкова |
||
| 944 |
_aED _c15.05.2010 _k |
||
| 999 |
_c306373 _d306373 |
||